MDQL
is popping MORE tags! Check the
thread
!
Quizzes
Events
Quiz Creation
Community
Videos
Private Events
Remove Ads
Sign In
Join for FREE
Feedback
Dark Mode
Quiz Categories
Sports
Geography
Music
Movies
Television
Just For Fun
Miscellaneous
History
Literature
Language
Science
Gaming
Entertainment
Religion
Holiday
For Kids
Quiz Lab
Recent
Popular Today
Quiz Kudos Today
Editor Picks
Curator Picks
Quizzes by...
Day
Popularity
Type
Ratings
Length
Year
Community
Subscriptions
Recent Discussions
Orange Saloon
Badges
Playlists
Quests
Create
Leaderboards
Showdown
Live 5
Trivia Bingo
Activity
Puzzle Library
Sporcle Events
Private Events
Virtual Trivia
Globe League
Become a Host
Pub Owners
SporcleCon
Opinionation
Our Games
Videos
Blog
Mobile Apps
Partnerships
Remove Ads and Go Orange
Feedback
Gaming
Video Games
Board Games
Card Games
Pokémon
Mario
Nintendo
Minecraft
Console
Toys
Legend of Zelda
Gaming
Video Games
Board Games
Card Games
Pokémon
Mario
Nintendo
Minecraft
Console
Toys
Legend of Zelda
Random Quiz
Search Sporcle
×
Quiz Lab
Quiz Lab
Gaming
collection
Type in answers that appear in a list
Type in answers that appear in a list
Classic
Best Score? Go Orange.
Name the PS3 games (with clues) Stats
Can you name the PS3 games from the hints provided?
By
CloudStrife86
7m
29 Questions
510 Plays
510 Plays
510 Plays
Comments
Comments
Give Quiz Kudos
Give Quiz Kudos
-
- Ratings
hide this ad
More Info
Random Order
Randomize order of answers
Randomize order of answers
Replay
Link that replays current quiz
Next Quiz
Link to next quiz in quiz playlist
You Got
0%
They Got
Avg Score
36%
Avg Friend Score
Upgrade to see
Score Distribution
Jump to the score distribution portion of the page
Score
0/29
Timer
07:00
0
Plays Today
Hint
Game Name
% Correct
You're in a band. You play rock.
Rock Band
65.9%
Hang out with Ghost and Soap, shooting the bad guys. Who were they again?
Call of Duty: Modern Warfare 2
64.7%
Search for El Dorado, shoot pirates (and some mutants) and get the girl.
Uncharted: Drake's Fortune
61%
Create the game you always wanted and Share it with the world. Or you can just Play.
LittleBigPlanet
60.2%
Join your idiot cousin in America, in search of revenge and the American Dream.
Grand Theft Auto IV
56.5%
Nothing is true, everything is permitted. Get stabby in the Holy Land.
Assassin's Creed
52.5%
Search for Shambhala, beat the Serbian war criminal and go back to 'last year's model'.
Uncharted 2: Among Thieves
48.8%
You decide how the story progresses in this 'interactive movie'.
Heavy Rain
48.4%
Welcome to Rapture.
Bioshock
47.6%
Take to the Old West and hunt a former comrade throughout New Austin, Neuvo Paraiso and West Elizabeth.
Red Dead Redemption
47.3%
In space, no one can hear you scream... Except for the hordes of Necromorphs.
Dead Space
45.9%
Your enemies will be shocked as you explore Empire City.
inFAMOUS
42.7%
Travel Italy, making your enemies 'Requiescat in pace'.
Assassin's Creed II
42.7%
Price, be careful where you're pointing that Barrett, it cost an arm.
Call of Duty 4: Modern Warfare
40.4%
Kill alien invaders. It's set in the UK, but you have to an American regardless.
Resistance: Fall of Man
39.4%
Hint
Game Name
% Correct
Search for Dad, but maybe help the world along the way. If you feel like it.
Fallout 3
37.8%
Take the fight to the home planet of those orange-
eyed, heavy breathing b******s.
Killzone 2
37.5%
War has changed and there's no place to hide. You're just an old killer, hired to do some wetwork.
Metal Gear Solid 4: Guns of the Patriots
35.9%
War, children, it's just a shot away. Foil the bad guys in 'Nam, then 'lock & load' with Kennedy and Co.
Call of Duty: Black Ops
31.2%
Escape City 17,or play with a new toy in the Aperture science labs.
The Orange Box
28%
Search through the jungle for the Jackal. Don't forget your Malaria medicine.
Far Cry 2
25.3%
They're in Kijuju. They're also a massive bloke and his svelte female partner.
Resident Evil 5
24.9%
Get out of jail. Then do whatever you want, but by the Nine; bring a sword.
The Elder Scrolls IV: Oblivion
22.4%
The lady with the electric name must choose: Monster or Crystal? Focus.
Final Fantasy XIII
22%
Take your three-
man squad, to sort out some terrorists, somewhere in Nevada.
Rainbow Six: Vegas
12.5%
The beautiful game according to Seabass. Rubbish commentary though.
Pro Evolution Soccer 2011
8.8%
Tell your team what to do in this RTS. I mean literally; you can actually talk to them.
Tom Clancy's EndWar
7.6%
Apparently, one terrorist outing to Sin City wasn't enough. Clear out the strip again.
Rainbow Six: Vegas 2
7.5%
Set on the island of Skira, this 'tactical shooter designed to represent modern infantry combat realistically', is really quite hard.
Operation Flashpoint: Dragon Rising
3.9%
Quiz Playlist
Details
Report
Send in Message
Add To Playlist
More Info:
The games are all part of my PS3 collection, and the release year given is for the United Kingdom.
Classic:
Type in answers that appear in a list
Random Order:
Randomize order of answers
Last Updated: Feb 16, 2017
Quiz Scoreboard
CHALLENGE
Sign Up to Join the Scoreboard
Show All
Scores
Hide
Comments
May contain spoilers
Recently Published
1-10 Letter E Words III
by El_Dandy
Language
2m
Street Fighter Characters
by Artimus82
Gaming
60s
College Basketball Coaching Resumes
by pancakes188
Sports
9m
More to Explore
Quiz From the Vault
Featured Blog Post
Where Did the Easter Bunny Come From?
hide this ad
You Might Also Like...
Tags
collection
genre
Playstation
ps3
PS3 Games
release
Today's Top Quizzes in Gaming
Browse Gaming
hide this ad
Today's Top Quizzes in collection
Browse collection
Top Contributed Quizzes in Gaming
1
5-to-1: Consoles
2
7-to-1: Board Game Piece Blitz
3
5-to-1: Legend of Zelda
4
League of Legends Pro Players by Career/Team History
5
Destiny 2 exotic weapons by perk icons
6
Ultimate Genshin Impact Logic Puzzle (up to 4.3)
7
Quick Pick: Video Games Lost in Translation
8
Franchise by Action Figure
9
Who's on the WWE 2K24 Cover?
10
Genshin Impact Logic Puzzle Quiz
Explore More
Trending Topics
Harry Potter
Anime
Disney
NBA
Crossword
Kpop
Marvel
WWE
Puzzle
The Office
Pokémon
Country
NFL
Soccer
Song
hide this ad
More By:
CloudStrife86
Quiz
Plays
Rating
Category
Featured
Created
EPL, La Liga and UCL winners (as of 19/03/11)
5,805
3.91
Sports
Mar 19, 2011
Guess the lyrics (Metallica song)
2,221
3.50
Music
Apr 21, 2010
Name the PS3 games (with clues)
510
1.67
Gaming
May 1, 2010
Final Fantasy VII - Initial Equipment
246
4.33
Gaming
Apr 10, 2010
Go to Creator's Profile
Score Distribution
Quiz Creator Spotlight
CloudStrife86
Follow
Send a Message
Quizzes Created
-
Created Quiz Play Count
-
More By This Creator
Popular Quizzes Today
1
Find the US States - No Outlines Minefield
2
Find the Countries of Europe - No Outlines Minefield
3
Find the US States
4
The Countries of the World
5
Risky Map Clicking: Biggest States A-Z
6
US States
7
Popular People in 1961
8
Movies - When Are They Set?
More Gaming Quizzes
Foreign Pokémon Names
Curator's Pick
Trending Quizzes
Risky Map Clicking: Least Populous States A-Z
1-10 Letter G Words
1-10 Letter F Words
Countries of the World: 200 Million BC
Risky Map Clicking: Next State Alphabetically
Recently Updated
Rides in Walt Disney World
pecheneg
Most Oscar Losses (Acting)
pecheneg
Beyoncé Albums
pecheneg
Leaping Animals
pecheneg
Reality TV Shows (A-Z)
bhenderson79
Rickey Henderson's Hall of Fame Teammates
pecheneg
Champions League XIs: Arsenal
pecheneg
Quick Pick: Celebrities in WWE's Hall of Fame
aduchscher
A-Z Keypad Blitz II
pecheneg
Trending Topics
Anime
Marvel
Harry Potter
NBA
Crossword
Disney
Kpop
The Office
WWE
Pokémon
NFL
Song
Soccer
Puzzle
Country
Your Account Isn't Verified!
In order to create a playlist on Sporcle, you need to verify the email address you used during registration. Go to your
Sporcle Settings
to finish the process.
Report this User
Report this user for behavior that violates our
Community Guidelines
.
Details:
Send Report
Go to the Sporcle.com Mobile Site →
Comments